书目信息 |
| 题名: |
梁启超家书
|
|
| 作者: | 梁启超 著 ;林洙 编 | |
| 分册: | ||
| 出版信息: | 北京 中国青年出版社 2009 |
|
| 页数: | 253页 | |
| 开本: | 23cm | |
| 丛书名: | ||
| 单 册: | ||
| 中图分类: | B259.11 | |
| 科图分类: | ||
| 主题词: | ||
| 电子资源: | ||
| ISBN: | 978-7-5006-8840-2 | |
| 000 | 00957nam0 2200241 450 | |
| 001 | 139012 | |
| 005 | 20140903092436.04 | |
| 010 | @a978-7-5006-8840-2@dCNY 28.00 | |
| 100 | @a20091102d2009 em y0chiy50 ea | |
| 101 | 0 | @achi |
| 102 | @aCN@b110000 | |
| 105 | @aa z 000ed | |
| 200 | 1 | @a梁启超家书@Aliang qi chao jia shu@b专著@f梁启超著@g林洙编 |
| 210 | @a北京@c中国青年出版社@d2009 | |
| 215 | @a253页@c照片(11页)@d23cm | |
| 330 | @a梁启超不仅仅是在求学、择业上关心孩子,而且通过书信传递他对孩子们的情谊,和他们平等地讨论国家大事、人生哲学,向他们倾诉生活中的苦和乐、悲和欢。家书将传统与现代结合,且更具有现代意识,他的很多教育思想,教育方式,对今天的父母极有借鉴意义。 | |
| 600 | 0 | @a梁启超@f(1873-1929)@x书信集@z1898-1928 |
| 600 | 0 | @a梁启超@f(1873-1929) |
| 690 | @aB259.11@v4 | |
| 701 | 0 | @a梁启超@Aliang qi chao@f(1873 1929)@4著 |
| 702 | 0 | @a林洙@Alin zhu@c(女,@f1928 )@4编 |
| 801 | 0 | @aCN@b110019@c20140903 |
| 905 | @a241430@dB259.11@eL405 | |
| 梁启超家书/梁启超著/林洙编.-北京:中国青年出版社,2009 |
| 253页:照片(11页);23cm |
| ISBN 978-7-5006-8840-2:CNY 28.00 |
| 梁启超不仅仅是在求学、择业上关心孩子,而且通过书信传递他对孩子们的情谊,和他们平等地讨论国家大事、人生哲学,向他们倾诉生活中的苦和乐、悲和欢。家书将传统与现代结合,且更具有现代意识,他的很多教育思想,教育方式,对今天的父母极有借鉴意义。 |
| ● |
| 相关链接 |
|
|
|
正题名:梁启超家书
索取号:B259.11/L405
 
预约/预借
| 序号 | 登录号 | 条形码 | 馆藏地/架位号 | 状态 | 备注 |
| 1 | 0828368 | 208283686 | 社科库509/509社科库 15排3列1层/ [索取号:B259.11/L405] | 在馆 | |
| 2 | 0828369 | 208283695 | 社科库509/509社科库 15排3列1层/ [索取号:B259.11/L405] | 在馆 | |
| 3 | 0828370 | 208283702 | 社科库509/509社科库 15排3列1层/ [索取号:B259.11/L405] | 在馆 |